000 00198 a2200097 4500
020 _a9780375713033
041 _aspa
100 _aJohn White
245 _ala sabiduria de juan Pablo II
942 _cBK
999 _c13459
_d13459